PISTAS NA ÁREA - Statistics

Estatísticas Gerais
  • Esse quiz foi jogado 1 039 vezes
    802 desde o último reset
  • A pontuação média é 18 de 19
Estatísticas das Respostas
Hint Resposta % Correto
Jacuba 2400
97%
Faz. Retiro 2000
96%
Faz. Caiapó 2000
96%
Mococa 2100
96%
Laranjal 2100
96%
Chifre 2200
96%
Casa Branca 2300
96%
Faz Amália 2300
96%
Tambaú 2400
96%
São João da Boa Vista 2500
96%
São José do Rio Pardo 2800
96%
Usina Cresciumal 2000
94%
Vargem Grande do Sul 2300
94%
Usina São Luís (Abengoa) 2000
93%
Leme 2000
93%
Araras 2200
93%
SRP4/ Ademar Ribeiro 2800
93%
Faz Boa Vista Rochetto 2100
92%
Faz. Monte Cristo 2200
92%
Nenhum quiz correspondente encontrado
Distribuição das Pontuações
Porcentagem de Pessoas com Cada Pontuação
Percentil de Números Respondidos
Sua Pontuação Histórica
Você não jogou esse quiz desde o último reset